Villes de Brabant wallon - Statistics

General Stats
  • This quiz has been taken 13 times
  • The average score is 4 of 6
Answers on the Map
Answers color-coded by a green-red scale on the quiz's map according to % correct below.
 
Answer Stats
group answer % Correct
Waals-Brabant Wavre | Waver
92%
Waals-Brabant Nivelles | Nijvel
83%
Waals-Brabant Jodoigne | Geldenaken
58%
Waals-Brabant Tubize | Tubeke
58%
Waals-Brabant Ottignies-Louvain-la-Neuve
33%
Waals-Brabant Genappe | Genepiën
25%
No matching quizzes found
Score Distribution
Percent of People with Each Score
Percentile by Number Answered
Your Score History
You have not taken this quiz